QuizKnock 12時間クイズ出場者 - Statistics

General Stats
  • This quiz has been taken 7 times
  • The average score is 25 of 41
Answer Stats
順位 Answer % Correct
1 1 山本祥彰
100%
1 9 こうちゃん
100%
1 10 河村拓哉
100%
1 11 伊沢拓司
100%
2 2 伊沢拓司
100%
2 6 山本祥彰
100%
2 8 須貝駿貴
100%
2 10 河村拓哉
100%
2 11 こうちゃん
100%
3 2 伊沢拓司
100%
3 6 山本祥彰
100%
3 7 こうちゃん
100%
3 9 河村拓哉
100%
3 10 須貝駿貴
100%
1 2 鶴崎修功
86%
2 15
86%
3 3 鶴崎修功
86%
3 13
86%
1 5 ふくらP
86%
2 4 ふくらP
86%
3 4 ふくらP
86%
1 3 水上颯
71%
2 14 林輝幸
71%
1 4 川上拓郎
57%
2 5 山上大喜
57%
3 15 山上大喜
57%
2 9 ノブ
43%
3 11 ノブ
43%
1 7 三守賢
14%
1 8 志賀怜太
14%
2 1 高橋昴
14%
2 3 三守賢
14%
2 13 高松慶
14%
3 12 響平
14%
3 14 高松慶
14%
1 6 Yoshida
14%
2 7 宮原仁
0%
2 12 高橋太郎
0%
3 1 植木陽平
0%
3 5 うきょう
0%
3 8 チャンイケ
0%
No matching quizzes found
Score Distribution
Percent of People with Each Score
Percentile by Number Answered
Your Score History
You have not taken this quiz